Pedro Bohigas y Balaguer : cuarenta años de dedicación a la cultura / por María Condeminas cuarenta años de dedicación a la cultura / por María Condeminas
Publicado:
San Jorge, núm. 81 ( 1r trimestre 1971), pàg 73 - 74 :
MARC
| LEADER | 00000nam a2200000Ia 4500 | ||
|---|---|---|---|
| 001 | |||
| 008 | 160829s9999 xx 000 0 cat d | ||
| 100 | |a Condeminas, María |9 42294 | ||
| 245 | |a Pedro Bohigas y Balaguer : |b cuarenta años de dedicación a la cultura / por María Condeminas | ||
| 260 | |a San Jorge, núm. 81 ( 1r trimestre 1971), pàg 73 - 74 | ||
| 610 | 1 | 0 | |a Biblioteca de Catalunya |9 52741 |
| 650 | |a Bohigas, Pere | ||
| 650 | |a Escola de Bibliotecàries | ||
| 901 | |a Arxiu | ||
| 942 | |n 1 | ||
| 952 | |0 0 |1 0 |4 0 |7 1 |9 50752 |a Arxiu |b Arxiu |d 2016-12-01 |l 0 |r 2016-12-01 00:00:00 |w 2016-12-01 |y ARXIU | ||
| 999 | |c 54594 |d 54594 | ||